header

Clinical companion for Fundamentals of nursing (Record no. 258354)

MARC details
000 -LEADER
fixed length control field 00417nam a22001577a 4500
003 - CONTROL NUMBER IDENTIFIER
control field OSt
005 - DATE AND TIME OF LATEST TRANSACTION
control field 20200610121630.0
008 - FIXED-LENGTH DATA ELEMENTS--GENERAL INFORMATION
fixed length control field 200610b xxu||||| |||| 00| 0 eng d
040 ## - CATALOGING SOURCE
Transcribing agency n/a
050 ## - LIBRARY OF CONGRESS CALL NUMBER
Classification number RT51
Item number .C643 2003
100 ## - MAIN ENTRY--PERSONAL NAME
Personal name Peterson, Veronica.
245 ## - TITLE STATEMENT
Title Clinical companion for Fundamentals of nursing
260 ## - PUBLICATION, DISTRIBUTION, ETC. (IMPRINT)
Place of publication, distribution, etc St. Louis, Mo.
Name of publisher, distributor, etc : Mosby/Elsevier,
Date of publication, distribution, etc c2009.
300 ## - PHYSICAL DESCRIPTION
Extent xv;380p.
942 ## - ADDED ENTRY ELEMENTS (KOHA)
Source of classification or shelving scheme Library of Congress Classification
Koha item type Long Loan Books
Holdings
Withdrawn status Lost status Source of classification or shelving scheme Damaged status Not for loan Collection code Home library Current library Shelving location Date acquired Total Checkouts Full call number Barcode Date last seen Price effective from Koha item type
    Library of Congress Classification     Non-fiction Rongo University Library Rongo University Library General Stacks 10/06/2020   RT51 .C643 2003 20156689 10/06/2020 10/06/2020 Long Loan Books

© 2026 Rongo University
Contact us: librarian | system librarian | Rongo university